000
00213nam a2200097Ia 4500
005
20251222114413.0
008
251222s1900||||xx |||||||||||||| ||spa||
082
_a
DVD0070/G12/2005
245
0
_a
Syriana:
942
_c
DVD
999
_c
2098
_d
2098